[Event "Bugojno"]
[Site "Bugojno"]
[Date "1978.03.14"]
[Round "14"]
[White "Huebner, Robert"]
[Black "Ljubojevic, Ljubomir"]
[Result "1-0"]
[WhiteElo "2595"]
[BlackElo "2605"]
[Annotator "Bulletin"]
[PlyCount "169"]
[EventDate "1978.02.27"]
[EventType "tourn"]
[EventRounds "15"]
[EventCountry "YUG"]
[EventCategory "14"]
[SourceTitle "MCL"]
[Source "ChessBase"]
[SourceDate "1999.07.01"]
[SourceVersion "1"]
[SourceVersionDate "1999.07.01"]
[SourceQuality "1"]

1. Nf3 c5 2. c4 Nf6 3. g3 b6 4. Bg2 Bb7 5. O-O e6 6. Nc3 a6 7. d4 cxd4 8. Qxd4
d6 9. b3 Nbd7 10. Bb2 Be7 11. e4 O-O 12. h3 (12. Qe3 Qc7 13. h3 Rfe8 14. Rae1
Bf8 15. Kh2 $14 {Huebner-Gligoric, Tilburg 1977}) 12... Qb8 13. Nd2 $1 Bc6 14.
a4 Re8 15. Kh2 Bf8 16. f4 $14 a5 $6 (16... Qb7 {/\..e5/..b5}) 17. Qe3 Qb7 18.
Ne2 Rad8 19. Nd4 e5 20. Nxc6 Qxc6 21. f5 $16 h6 22. Rf2 Qb7 23. Qd3 Nc5 24. Qc2
Rc8 25. Re1 Qa7 26. Ref1 Qb7 27. Re2 Rc7 28. Nb1 Na6 29. Nc3 Nb4 30. Qb1 Be7
31. Rd1 Qb8 32. Ba3 Nc6 33. Nb5 (33. Bxd6 Bxd6 34. Rxd6 Nd4) 33... Rd7 34. Red2
Red8 35. Qd3 Na7 36. Nc3 Nc6 37. Bb2 Nd4 38. Nb1 Nc6 39. Qe2 Rb7 40. h4 Nd7 41.
Na3 Nc5 42. Qe3 Rbd7 43. Nb5 Na7 44. Na3 Nc6 45. Kh3 Re8 46. Nb5 Qd8 47. Bf3
Qb8 48. Bh5 Na7 49. Na3 Qd8 50. Bf3 Bf6 51. Nb5 Nc8 (51... Nxb5 52. cxb5 {
/\Be2, Bc4}) 52. Rg1 Na7 53. Rd5 Qe7 54. Rgd1 Nc8 55. Bc1 Qd8 56. Qc3 Nb7 57.
Bg2 Ne7 58. R5d3 Nc6 {*} 59. Be3 Be7 60. R3d2 Bf8 61. Kh2 Nc5 62. Bf2 Be7 63.
Qf3 Bf8 64. Bh3 $1 Qf6 65. Kg2 Red8 66. Nc3 Nb4 67. Rb2 Re8 68. Qe3 Rb7 69. Kh2
Qd8 70. Nb5 Qf6 71. Rbd2 Rd8 72. g4 g5 73. fxg6 fxg6 74. g5 hxg5 75. hxg5 Qh8
76. Kg2 Rh7 77. Nxd6 Rh5 78. Nf7 Rxd2 79. Qxd2 Nxe4 (79... Kxf7 80. Bxc5 $18)
80. Qd8 Qg7 81. Rd7 Nc6 82. Nh6+ Qxh6 (82... Kh8 83. Rxg7 Nxd8 84. Rg8+ Kh7 85.
Rxf8 $18) 83. Be6+ Kh8 84. gxh6 Nxd8 85. Rxd8 1-0

[Event "POL-ch 52nd"]
[Site "Warsaw"]
[Date "1995.??.??"]
[Round "4"]
[White "Markowski, Tomasz"]
[Black "Macieja, Bartlomiej"]
[Result "1-0"]
[WhiteElo "2470"]
[BlackElo "2440"]
[Annotator "Bulletin"]
[PlyCount "171"]
[EventDate "1995.02.11"]
[EventType "tourn"]
[EventRounds "17"]
[EventCountry "POL"]
[EventCategory "8"]
[SourceTitle "EXT 1999"]
[Source "ChessBase"]
[SourceDate "1998.11.16"]
[SourceVersion "1"]
[SourceVersionDate "1998.11.16"]
[SourceQuality "1"]

1. Nf3 Nf6 2. e3 g6 3. b3 Bg7 4. Bb2 O-O 5. Be2 c5 6. O-O b6 7. c4 Bb7 8. d3
Nc6 9. a3 d5 10. cxd5 Qxd5 11. Nbd2 h5 12. Rb1 e5 13. Qc2 Rac8 14. Rbc1 Nh7 15.
Qb1 g5 16. Qc2 g4 17. Nh4 Qe6 18. e4 Ne7 (18... Nd4) 19. f3 Bf6 20. Nf5 Nxf5
21. exf5 Qxf5 22. fxg4 Qg5 23. Ne4 $1 Bxe4 24. dxe4 hxg4 25. Qc3 Bg7 26. Rf5
Qh4 27. g3 Qe7 28. Rcf1 Ng5 29. Qe3 Nf3+ 30. Bxf3 gxf3 31. Qxf3 Rc6 32. Rh5 Rf6
33. Qg4 Qe6 34. Rhf5 Rg6 35. Qf3 b5 36. h4 Qe7 37. Kh2 c4 38. bxc4 bxc4 39. Bc1
Rc6 40. h5 Bh6 41. Bxh6 Rxh6 42. Qc3 f6 43. Qxc4+ Qf7 44. Qe2 Qe6 45. Qf3 Rc8
46. Rf2 Rc6 47. g4 Qe8 48. Qe3 Qg6 49. Qb3+ Kh8 50. Rd2 $1 Rc8 51. Qe3 Qg7 52.
Rd7 $1 Qxd7 53. Qxh6+ Kg8 54. Qg6+ Qg7 55. Rxf6 Qxg6 56. Rxg6+ Kf7 57. Ra6 Rc4
58. Kg3 Rxe4 59. Rxa7+ Kg8 60. Kh4 Rc4 61. Kg5 e4 62. Re7 Ra4 63. Kf5 Rxa3 64.
Rxe4 Kg7 65. Re7+ Kf8 66. Rb7 Kg8 67. Kg5 Ra5+ 68. Kh4 Ra6 69. Rb4 Kg7 70. g5
Kh7 71. Rb7+ Kg8 72. h6 Ra4+ 73. Kh5 Ra5 74. Rg7+ Kh8 75. Re7 Kg8 76. Kg6 Ra6+
77. Kf5 Ra1 78. g6 Ra8 79. Rb7 Ra5+ 80. Ke4 Ra8 81. Kd5 Kh8 82. Kc6 Re8 83. Rd7
Re6+ 84. Rd6 Re8 85. Kc7 Re7+ 86. Rd7 1-0

[Event "Yerevan"]
[Site "Yerevan"]
[Date "1989.??.??"]
[Round "?"]
[White "Csom, Istvan"]
[Black "Dokhoian, Yury"]
[Result "1/2-1/2"]
[WhiteElo "2545"]
[BlackElo "2575"]
[Annotator "Bulletin"]
[PlyCount "49"]
[EventDate "1989.05.??"]
[EventType "tourn"]
[EventRounds "11"]
[EventCountry "URS"]
[EventCategory "12"]
[SourceTitle "CBM 014"]
[Source "ChessBase"]
[SourceDate "1990.02.01"]
[SourceVersion "1"]
[SourceVersionDate "1990.02.01"]
[SourceQuality "1"]

1. c4 Nf6 2. Nf3 c5 3. g3 b6 4. Bg2 Bb7 5. O-O e6 6. Nc3 a6 7. d4 cxd4 8. Qxd4
d6 9. Rd1 Nbd7 {9...Be7} 10. Ng5 Bxg2 11. Kxg2 Rc8 $5 {/\ 12...Rc6} 12. Nge4
Rc6 13. Nxf6+ (13. Bf4 Qa8 14. Kg1 (14. f3 Nxe4 15. Nxe4 e5 16. Qe3 Be7) 14...
Nxe4 (14... e5 15. Qe3) 15. Nxe4 e5 16. Qe3 Be7 17. Qf3 $5 exf4 (17... O-O 18.
Bg5) 18. Nxd6+ Kf8 19. Nf5 $44) 13... Nxf6 14. Bg5 Be7 15. Ne4 O-O 16. Nxf6+
Bxf6 17. Qe4 Rc7 18. Bxf6 Qxf6 19. Rd4 $6 {>= 19.Qd4} Rxc4 $1 $15 20. Rxc4 d5
21. Qe3 dxc4 22. Qxb6 Qe5 23. Rc1 a5 24. Kf1 h5 25. Rxc4 1/2-1/2

[Event "Hospitalet op"]
[Site "Sitges"]
[Date "1993.??.??"]
[Round "8"]
[White "Hergott, Deen"]
[Black "Suba, Mihai"]
[Result "1-0"]
[WhiteElo "2430"]
[BlackElo "2500"]
[Annotator "Bulletin"]
[PlyCount "59"]
[EventDate "1993.07.??"]
[EventType "swiss"]
[EventRounds "9"]
[EventCountry "ESP"]
[SourceTitle "CBM 038"]
[Source "ChessBase"]
[SourceDate "1994.02.01"]
[SourceVersion "1"]
[SourceVersionDate "1994.02.01"]
[SourceQuality "1"]

1. Nf3 c5 2. c4 Nf6 3. Nc3 e6 4. g3 b6 5. Bg2 Bb7 6. O-O Be7 (6... a6) 7. d4
cxd4 8. Qxd4 d6 9. Rd1 a6 10. Bg5 Nbd7 11. Bxf6 Nxf6 12. Na4 Rb8 (12... O-O 13.
Qxb6 Qxb6 14. Nxb6 Rab8 15. c5 dxc5 16. Nc4 Bxf3 17. Bxf3 Rfd8 $14) 13. c5 dxc5
(13... Bxf3 14. Bxf3 dxc5 15. Qe5 Qc8 16. Rd6 {Korchnoj-Gheorghiu,}) 14. Qe5
Bd5 15. e4 Nxe4 16. Qxg7 Bf6 17. Qh6 Qe7 18. Rac1 c4 $1 (18... b5 19. Nxc5 Nxc5
20. Rxc5 Qxc5 21. Qxf6 $40) 19. Qe3 O-O $2 (19... Nc5 $5) (19... b5 20. Nb6 Qc5
21. Nxd5 exd5 22. Qxc5 Nxc5 23. Rxd5 Nd3 24. Rc2 $13) 20. Nxb6 Bxb2 21. Rc2 $1
(21. Rb1 c3) 21... Bg7 22. Nd2 $1 Qc7 $1 23. Nxd5 exd5 24. Bxe4 dxe4 25. Rxc4
Qa5 (25... Qd6 26. Rcc1 Qe6 $132) 26. Rc2 Rbd8 (26... Rfe8 27. Nxe4 $2 Qa4 $1)
27. Rb1 Rd3 $2 (27... Rfe8 $13) 28. Qe2 f5 29. Rb7 Qd5 30. Rcc7 1-0

[Event "Zonal Randers Preliminaries A"]
[Site "Randers"]
[Date "1982.01.??"]
[Round "5"]
[White "Lobron, Eric"]
[Black "Tiller, Bjorn"]
[Result "1-0"]
[WhiteElo "2440"]
[BlackElo "2320"]
[Annotator "Bulletin"]
[PlyCount "59"]
[EventDate "1982.01.09"]
[EventType "tourn"]
[EventRounds "11"]
[EventCountry "DEN"]
[EventCategory "7"]
[SourceTitle "MCL"]
[Source "ChessBase"]
[SourceDate "1999.07.01"]
[SourceVersion "1"]
[SourceVersionDate "1999.07.01"]
[SourceQuality "1"]

1. Nf3 Nf6 2. g3 b6 3. Bg2 Bb7 4. O-O e6 5. c4 c5 6. b3 Be7 7. Bb2 O-O 8. e3 d6
9. Qe2 Nbd7 10. Nc3 a6 11. d3 Qb8 12. e4 Re8 (12... d5 $2 13. e5 Ne8 14. cxd5
exd5 15. e6 Ndf6 16. exf7+ Rxf7 17. Ng5 $18) 13. Nh4 Ne5 14. f4 Nc6 15. Rae1
Nd4 16. Qd2 Nd7 17. Qf2 Bf8 (17... Bxh4 18. gxh4 Qd8) 18. g4 b5 19. Ne2 Nxe2+
20. Rxe2 Qc7 21. g5 g6 22. f5 Ne5 23. Qg3 Rad8 24. Ref2 Bg7 25. f6 Bf8 26. Bxe5
dxe5 27. Nxg6 hxg6 28. Rf3 bxc4 29. bxc4 Bh6 30. Qh4 1-0

[Event "POL-ch 52nd"]
[Site "Warsaw"]
[Date "1995.??.??"]
[Round "15"]
[White "Wojtkiewicz, Aleksander"]
[Black "Grabarczyk, Miroslaw"]
[Result "1/2-1/2"]
[WhiteElo "2530"]
[BlackElo "2440"]
[Annotator "Bulletin"]
[PlyCount "67"]
[EventDate "1995.02.11"]
[EventType "tourn"]
[EventRounds "17"]
[EventCountry "POL"]
[EventCategory "8"]
[SourceTitle "EXT 1999"]
[Source "ChessBase"]
[SourceDate "1998.11.16"]
[SourceVersion "1"]
[SourceVersionDate "1998.11.16"]
[SourceQuality "1"]

1. Nf3 Nf6 2. c4 e6 3. g3 b6 4. Bg2 Bb7 5. O-O Be7 6. Nc3 O-O 7. Re1 d5 8. cxd5
Nxd5 9. e4 Nxc3 10. bxc3 c5 11. d4 cxd4 12. cxd4 Nd7 13. Bb2 Rc8 14. d5 exd5
15. exd5 Bf6 16. Nd4 Ne5 17. Nf5 Ng6 18. Qd2 Bxb2 19. Qxb2 Qf6 20. Qxf6 gxf6
21. d6 Bxg2 22. Kxg2 Rfd8 23. Rad1 $2 (23. Rac1 Kf8 (23... Rc5 24. Rxc5 bxc5
25. Rc1 $18) 24. Rc7 Rxc7 25. dxc7 Rc8 26. Rd1 $1 $18) 23... Rc5 24. g4 Nf4+
25. Kg3 Ne6 26. Rc1 Kf8 27. Rxc5 Nxc5 28. Re3 Nb7 29. Rd3 Nc5 30. Re3 Nb7 31.
Rd3 Nc5 32. Rd4 Ke8 33. Kg2 Kd7 34. Rf4 1/2-1/2

[Event "World Cup"]
[Site "Skelleftea"]
[Date "1989.08.??"]
[Round "14"]
[White "Kasparov, Garry"]
[Black "Ribli, Zoltan"]
[Result "1/2-1/2"]
[WhiteElo "2775"]
[BlackElo "2605"]
[Annotator "Bulletin"]
[PlyCount "51"]
[EventDate "1989.08.??"]
[EventType "tourn"]
[EventRounds "15"]
[EventCountry "SWE"]
[EventCategory "16"]
[SourceTitle "CBM 014"]
[Source "ChessBase"]
[SourceDate "1990.02.01"]
[SourceVersion "1"]
[SourceVersionDate "1990.02.01"]
[SourceQuality "1"]

1. c4 c5 2. Nf3 Nf6 3. Nc3 e6 4. g3 b6 5. Bg2 Bb7 6. O-O Be7 7. d4 cxd4 8. Qxd4
d6 9. Rd1 a6 10. Ng5 Bxg2 11. Kxg2 Nc6 12. Qf4 Ra7 13. Nge4 Rd7 14. Be3 Ne5 15.
Nxf6+ Bxf6 16. Na4 Qa8+ 17. Kg1 (17. f3 $5 Qc6 18. Nxb6 Rb7 19. c5 dxc5 20. Nc4
$10 Nxc4 21. Qxc4 Bxb2 22. Rab1 O-O 23. Qxc5 Qa4 24. Rd3 Rb5 25. Qc6 Bf6 26.
Rxb5 {1/2-1/2; Horvath,T-Schneider,A/HUN-ch/1984/ -> Inf.37/35}) 17... Qc6 18.
Nxb6 Rb7 19. c5 dxc5 20. Nc4 Nxc4 21. Qxc4 Bxb2 22. Rab1 O-O 23. Qxc5 Qa4 {
!=; Inf.37/35 Diese Stellung hatte Ribli am vormittag vor der Partie auf dem
Brett, als er sich auf Kasparov vorbereitete.} 24. Rd2 Rb5 25. Qc6 Bd4 $2 (
25... Bc3 $1 $10) 26. Rxb5 {Remis auf Vorschlag von Kasparov} (26. Rxb5 Bxe3
27. Rd8 Qxb5 28. Qd6 Bxf2+ 29. Kxf2 Qf5+ 30. Kg2 Qe4+ 31. Kh3 Qf5+ 32. g4 Qf1+
33. Kg3 Qg1+ 34. Kf3 Qf1+ 35. Ke3 Qh3+ 36. Kd4 $1 e5+ 37. Kd5 Qg2+ 38. Kc5 Qg1+
39. Kc6 Qc1+ 40. Kb7 Qb1+ 41. Ka7 Qg1+ 42. Kxa6 $18 {post mortem}) 1/2-1/2

[Event "Zonal Randers Final"]
[Site "Randers"]
[Date "1982.01.??"]
[Round "1"]
[White "Tiller, Bjorn"]
[Black "Lobron, Eric"]
[Result "1-0"]
[WhiteElo "2320"]
[BlackElo "2440"]
[Annotator "Bulletin"]
[PlyCount "76"]
[EventDate "1982.01.??"]
[EventType "tourn"]
[EventRounds "7"]
[EventCountry "DEN"]
[EventCategory "8"]
[SourceTitle "MCL"]
[Source "ChessBase"]
[SourceDate "1999.07.01"]
[SourceVersion "1"]
[SourceVersionDate "1999.07.01"]
[SourceQuality "1"]

1. c4 Nf6 2. Nc3 c5 3. Nf3 e6 4. g3 b6 5. Bg2 Bb7 6. O-O Be7 7. d4 cxd4 8. Qxd4
d6 (8... d5 9. Ne5) 9. Rd1 a6 10. b3 Nbd7 11. e4 Ra7 12. Ba3 Nc5 13. e5 Bxf3 (
13... dxe5 14. Qxd8+ Bxd8 15. Bxc5 bxc5 16. Nxe5 Bxg2 17. Kxg2 $14) 14. Bxf3
dxe5 15. Qxe5 Ncd7 16. Bxe7 Qxe7 17. Qe3 Rc7 18. Na4 Qb4 19. a3 Qa5 20. Rd6 Ke7
21. Rd4 (21. Rad1 b5) 21... Qe5 22. Qd2 Nc5 23. Re1 Qf5 24. Nxc5 Qxc5 25. Rd1
Rhc8 26. b4 Qe5 27. Be2 g5 28. Rd8 Ne4 29. Rd7+ Kf6 30. Qe3 Rxd7 31. Rxd7 Nd6
32. Qxe5+ Kxe5 33. f4+ gxf4 34. gxf4+ Kxf4 35. Rxd6 Ke3 36. Kf1 a5 37. Rxb6 Rd8
38. bxa5 Rd4 1-0

[Event "Plovdiv"]
[Site "Plovdiv"]
[Date "1986.??.??"]
[Round "3"]
[White "Georgiev, Kiril"]
[Black "Kurtenkov, Atanas"]
[Result "1-0"]
[WhiteElo "2545"]
[BlackElo "2455"]
[Annotator "Bulletin"]
[PlyCount "55"]
[EventDate "1986.06.24"]
[EventType "tourn"]
[EventRounds "11"]
[EventCountry "BUL"]
[EventCategory "10"]
[SourceTitle "EXT 2000"]
[Source "ChessBase"]
[SourceDate "1999.11.16"]
[SourceVersion "1"]
[SourceVersionDate "1999.11.16"]
[SourceQuality "1"]

1. Nf3 c5 2. c4 b6 3. g3 Bb7 4. Bg2 g6 5. O-O Bg7 6. Nc3 Nc6 $6 7. e3 Nf6 8. d4
O-O 9. d5 Na5 10. Qd3 Ba6 11. Nd2 Ng4 12. b3 b5 $6 13. cxb5 Bxb5 14. Qxb5 Bxc3
15. Rb1 d6 16. Ne4 Rb8 (16... Bg7 17. Bd2) 17. Qe2 Bg7 18. Qxg4 f5 19. Qe2 fxe4
20. Bd2 Nb7 21. Bxe4 Qd7 22. Kg2 a5 23. h4 a4 24. h5 g5 25. h6 Bf6 26. Qd3 Rf7
27. Bf5 Qe8 28. bxa4 1-0

[Event "Manresa op"]
[Site "Manresa"]
[Date "1995.??.??"]
[Round "4"]
[White "Vidarte Morales, Arturo"]
[Black "Ionescu, Cristian Dan"]
[Result "1/2-1/2"]
[WhiteElo "2355"]
[BlackElo "2545"]
[Annotator "Bulletin"]
[PlyCount "74"]
[EventDate "1995.??.??"]
[EventType "swiss"]
[EventRounds "9"]
[EventCountry "ESP"]
[SourceTitle "EXT 1998"]
[Source "ChessBase"]
[SourceDate "1997.11.17"]
[SourceVersion "1"]
[SourceVersionDate "1997.11.17"]
[SourceQuality "1"]

1. c4 Nf6 2. Nc3 c5 3. Nf3 e6 4. g3 b6 5. Bg2 Bb7 6. O-O a6 7. d4 cxd4 8. Qxd4
d6 9. Bg5 Nbd7 10. Nd2 Bxg2 11. Kxg2 Be7 12. Nde4 Qc7 13. Rfd1 O-O 14. Rac1
Rfd8 15. b3 h6 16. Bxf6 Nxf6 17. Kg1 Rac8 18. a4 Qb8 19. Qd3 Nd7 20. Nxd6 Nc5
21. Nxc8 Nxd3 22. Nxe7+ Kf8 23. Nc6 Qc7 24. Nxd8 Nxc1 25. Nxe6+ fxe6 26. Rxc1
Qd6 27. Ne4 Qd4 28. c5 Qb2 29. Rc4 Qxb3 (29... b5 $1 30. axb5 axb5 31. Rb4 Qxe2
32. Kg2 Qe1 33. Rxb5 (33. Rd4 e5 34. Rd8+ Ke7) 33... Qxe4+ 34. Kg1 Qc6 35. Rb8+
Ke7 36. b4 e5 37. Rb6 Qd5 38. c6 e4 39. Rb7+ Kf6 40. b5 Qd1+ 41. Kg2 Qf3+ 42.
Kg1 e3 $19) 30. Nd2 Qd1+ 31. Nf1 bxc5 (31... b5 $1 $17) 32. e4 Ke7 33. Kg2 Kd6
34. Ne3 Qa1 35. h4 Qa2 36. Kg1 Qb3 37. Kg2 Qa2 1/2-1/2

[Event "Bugojno"]
[Site "Bugojno"]
[Date "1978.02.28"]
[Round "3"]
[White "Timman, Jan H"]
[Black "Larsen, Bent"]
[Result "0-1"]
[WhiteElo "2585"]
[BlackElo "2620"]
[Annotator "Bulletin"]
[PlyCount "96"]
[EventDate "1978.02.27"]
[EventType "tourn"]
[EventRounds "15"]
[EventCountry "YUG"]
[EventCategory "14"]
[SourceTitle "MCL"]
[Source "ChessBase"]
[SourceDate "1999.07.01"]
[SourceVersion "1"]
[SourceVersionDate "1999.07.01"]
[SourceQuality "1"]

1. Nf3 Nf6 2. c4 b6 3. g3 Bb7 4. Bg2 c5 5. O-O g6 6. b3 Bg7 7. Bb2 O-O 8. Nc3
Na6 (8... d5 9. Nxd5 Nxd5 10. Bxg7 Kxg7 11. cxd5 Qxd5 12. d4 $1 cxd4 13. Qxd4+
Qxd4 14. Nxd4 Bxg2 15. Kxg2 $14 {Smyslov-Castro, Biel 1976}) 9. d4 (9. e3 d5
10. Nxd5 Nxd5 11. Bxg7 Kxg7 12. cxd5 Qxd5 13. d4 Rfd8 14. dxc5 Nxc5 {remis.
Smyslov-Karpov, USSR-44ch 1976}) 9... d5 10. cxd5 Nxd5 11. e3 Nxc3 12. Bxc3 Rc8
13. Qe2 cxd4 14. Bxd4 Bxd4 15. Nxd4 Bxg2 16. Kxg2 Qd5+ 17. Kg1 Nc5 18. Rfd1 Ne4
19. Qf3 Rfd8 20. Rac1 (20. Nb5 $2 Qxb5 21. Qxe4 Rxd1+ 22. Rxd1 Qe2 $17) 20...
Nc3 21. Qxd5 Rxd5 22. Rd3 (22. Rd2 $2 Ne2+) 22... Rdc5 (22... Ne2+ $4 23. Nxe2
Rxc1+ 24. Nxc1 $18) 23. Rc2 a5 24. Kf1 (24. Nf3 $5) 24... e5 25. Ne2 Ne4 26.
Rxc5 Rxc5 $17 27. f3 Ng5 $1 28. e4 Rc2 29. h4 (29. a4 Rb2 30. Kf2 Ne6 {/\31...
Nc5}) 29... Ne6 30. Rd6 Rxa2 31. Rxb6 Kg7 32. Rb7 (32. Rb5 $4 Rxe2) (32. Kf2 $4
Nd4) 32... Rb2 (32... a4) 33. f4 (33. Ra7 Rxb3 34. Rxa5 Rxf3+ 35. Kg2 Re3)
33... exf4 34. gxf4 a4 $19 35. f5 Nc5 36. Rc7 a3 $1 37. Rxc5 a2 38. Ra5 Rb1+
39. Kf2 a1=Q 40. Rxa1 Rxa1 41. fxg6 hxg6 42. Nd4 Kh6 43. b4 Kh5 44. Ke3 Kxh4
45. b5 g5 46. Nf5+ Kh3 47. e5 Re1+ 48. Kd4 g4 (48... g4 49. b6 g3 50. Nxg3 Kxg3
51. Kd5 Kf4 $1) 0-1

[Event "USA-ch"]
[Site "Greenville"]
[Date "1983.??.??"]
[Round "11"]
[White "Gurevich, Dmitry"]
[Black "De Firmian, Nick E"]
[Result "0-1"]
[WhiteElo "2470"]
[BlackElo "2475"]
[Annotator "Bulletin"]
[PlyCount "72"]
[EventDate "1983.07.??"]
[EventType "tourn"]
[EventRounds "13"]
[EventCountry "USA"]
[EventCategory "10"]
[SourceTitle "MCL"]
[Source "ChessBase"]
[SourceDate "1999.07.01"]
[SourceVersion "1"]
[SourceVersionDate "1999.07.01"]
[SourceQuality "1"]

1. Nf3 c5 2. c4 Nf6 3. Nc3 e6 4. g3 b6 5. Bg2 Bb7 6. O-O Nc6 7. b3 (7. e4 d6 8.
d4 cxd4 9. Nxd4 Nxd4 10. Qxd4 Be7) 7... Be7 8. Bb2 O-O 9. d4 (9. e3 d5 10. d3)
9... Nxd4 10. Nxd4 Bxg2 11. Kxg2 cxd4 12. Qxd4 Qc7 13. Rad1 d6 14. f4 $5 a6 15.
a4 Rfd8 $1 16. Rf3 $6 (16. f5 $5) (16. e4 $5) 16... d5 $1 17. cxd5 exd5 18. b4
Qb7 19. g4 a5 $1 20. g5 (20. bxa5 Bc5 21. Qe5 d4) 20... axb4 21. gxf6 Bc5 22.
Qe5 (22. Qd3 bxc3 23. fxg7 (23. Bxc3 d4) 23... cxb2 $1 24. Rh3 Kxg7 $1) 22...
bxc3 23. Bxc3 g6 24. Kg3 d4 $1 (24... Rxa4 25. Rfd3) 25. Bxd4 Rd5 $1 26. Qe3 (
26. Qe4 $4 Rg5+) 26... Qd7 27. Bxc5 Rxd1 28. Bxb6 Re8 29. Qf2 h5 30. h3 Qxa4
31. Bc5 (31. Re3 Rc8 $1) 31... Re4 $1 32. Ba7 Qc4 33. Re3 h4+ $1 34. Kg4 Rg1+
$1 35. Qxg1 Rxf4+ 36. Kg5 Rf5+ 0-1

[Event "URS-ch46 First League"]
[Site "Ashkhabad"]
[Date "1978.??.??"]
[Round "17"]
[White "Alburt, Lev O"]
[Black "Savon, Vladimir A"]
[Result "1/2-1/2"]
[WhiteElo "2510"]
[BlackElo "2560"]
[Annotator "Bulletin"]
[PlyCount "133"]
[EventDate "1978.10.??"]
[EventType "tourn"]
[EventRounds "17"]
[EventCountry "URS"]
[EventCategory "10"]
[SourceTitle "MCL"]
[Source "ChessBase"]
[SourceDate "1999.07.01"]
[SourceVersion "1"]
[SourceVersionDate "1999.07.01"]
[SourceQuality "1"]

1. c4 Nf6 2. Nc3 c5 3. Nf3 e6 4. g3 b6 5. Bg2 Bb7 6. O-O Be7 7. d4 cxd4 8. Qxd4
O-O 9. Bf4 $6 (9. Qf4 $1 Nc6 10. Rd1 $14) 9... Nc6 10. Qd2 Na5 11. b3 d5 12.
Ne5 $6 (12. cxd5 $10) 12... Rc8 13. Rfd1 Qe8 14. Rac1 (14. cxd5 Bb4) 14... Ba3
15. Rc2 dxc4 16. Bxb7 cxb3 17. axb3 Nxb7 18. Bg5 Rd8 $17 19. Qe1 Be7 20. Rxd8
Bxd8 21. Qd1 Nc5 $6 $44 22. b4 Na4 23. Nb1 Nd5 24. Bxd8 Qxd8 25. Nc6 Qa8 26.
Qd3 a6 27. e4 Nf6 28. Nd2 Qb7 29. Qd6 Re8 30. Ne5 Qe7 (30... Nxe4 31. Nxe4 Qxe4
32. Rc7) 31. Qxe7 Rxe7 32. Rc8+ Re8 33. Rc7 a5 34. bxa5 bxa5 35. f3 (35. Rxf7
Ng4 36. Ndf3) 35... Nb6 36. Rb7 Nc8 37. Ndc4 a4 38. Kf2 h6 39. Ke2 Re7 40. Rb8
Re8 41. Rb4 Nd5 42. Rb7 Nde7 43. Rb5 (43. Rb4 $10) 43... f6 44. Nd3 Nc6 45. Ke3
N8e7 46. Na3 e5 $15 47. Rc5 Rb8 48. Rc3 Rb3 49. Rxb3 axb3 50. Nb5 Na5 51. Kd2
Nc4+ 52. Kc3 Ne3 53. Kd2 Nf1+ 54. Ke2 Nxh2 55. Kf2 Nc6 56. Kg2 Nxf3 57. Kxf3
Nd4+ 58. Nxd4 exd4 59. Kf4 Kf7 60. g4 g6 61. e5 h5 62. gxh5 gxh5 63. Kf5 fxe5
64. Kxe5 h4 65. Kxd4 h3 66. Kc3 Kf6 67. Nf2 1/2-1/2

[Event "Leon op"]
[Site "Leon"]
[Date "1997.??.??"]
[Round "4"]
[White "Romero Holmes, Alfonso"]
[Black "Gomez Esteban, Juan Mario"]
[Result "0-1"]
[WhiteElo "2465"]
[BlackElo "2490"]
[Annotator "Bulletin"]
[PlyCount "98"]
[EventDate "1997.08.??"]
[EventType "swiss"]
[EventRounds "9"]
[EventCountry "ESP"]
[SourceTitle "CBM 059 Extra"]
[Source "ChessBase"]
[SourceDate "1997.09.26"]
[SourceVersion "1"]
[SourceVersionDate "1997.09.26"]
[SourceQuality "1"]

1. c4 Nf6 2. Nf3 e6 3. g3 b6 4. Bg2 Bb7 5. O-O c5 6. Nc3 Be7 7. Re1 d6 8. e4 a6
9. d4 cxd4 10. Nxd4 Qc7 11. b3 O-O 12. Bb2 Nbd7 13. Qe2 Rfe8 14. Rac1 Bf8 15.
Nc2 Rac8 16. Ne3 Nc5 17. f3 Qb8 18. Red1 Ncd7 19. Rc2 Bc6 20. Ba3 h6 21. Rcd2
Nc5 22. Qf2 Red8 23. Ne2 Ba8 24. Bb2 Ncd7 25. Nd4 b5 26. cxb5 axb5 27. a3 d5
28. exd5 Nxd5 29. Nxd5 Bxd5 30. f4 $6 Nf6 31. b4 Ne4 $1 32. Bxe4 Bxe4 33. Qe2
Ba8 34. Qxb5 Qa7 35. h3 Rd5 36. Qe2 Rcd8 37. Kh2 Qb7 $17 38. Qf1 Qd7 39. Bc3
Qc7 40. Bb2 Qd7 41. Qe2 Qa4 42. Rc1 Qd7 43. Rcd1 Qb7 44. Rc1 R5d7 45. Rg1 Qd5
46. Rgd1 Be7 47. Nb3 Qb7 48. Rxd7 Rxd7 49. Rxd7 $4 $138 (49. Na5 $1 $11) 49...
Qh1# 0-1